书目信息 |
| 题名: |
说文解字今释
|
|
| 作者: | 许慎 著 ;汤可敬 撰 | |
| 分册: | 上 | |
| 出版信息: | 长沙 岳麓书社 2002 |
|
| 页数: | 1198页 | |
| 开本: | 22cm | |
| 丛书名: | ||
| 单 册: | ||
| 中图分类: | H161 | |
| 科图分类: | ||
| 主题词: | 说文解字--注释 | |
| 电子资源: | ||
| ISBN: | 7-80665-140-3 | |
| 000 | 00626nam0 2200217 45 | |
| 001 | 0405191565 | |
| 005 | 20040519160829.2 | |
| 010 | @a7-80665-140-3@b精装@dCNY97.80 | |
| 100 | @a20040519d2002 km y0chiy0120 ea | |
| 101 | 0 | @achi |
| 105 | @a z 000yy | |
| 200 | 1 | @a说文解字今释@AShuo Wen Jie Zi Jin Shi@h上@f(东汉)许慎著@F(Dong Han)Xu Shen Zhu@g汤可敬撰 |
| 205 | @a2版 | |
| 210 | @a长沙@c岳麓书社@d2002 | |
| 215 | @a1198页@d22cm | |
| 606 | 0 | @a说文解字@x注释 |
| 690 | @aH161@v4 | |
| 701 | 0 | @a许慎@4著 |
| 702 | 0 | @a汤可敬@ATang Ke Jing@4撰 |
| 801 | @aCN@bPftUser@c20040519 | |
| 905 | @b333235-236@dH161@e132:1=2@f2 | |
| 说文解字今释.上/(东汉)许慎著/汤可敬撰.-2版.-长沙:岳麓书社,2002 |
| 1198页;22cm |
| ISBN 7-80665-140-3(精装):CNY97.80 |
| ● |
| 相关链接 |
|
|
|
|
正题名:说文解字今释
索取号:H161/132:1=2
 
预约/预借
| 序号 | 登录号 | 条形码 | 馆藏地/架位号 | 状态 | 备注 |
| 1 | 0333235 | 203332358 | 工具书阅览室/ [索取号:H161/132:1=2] | 在馆 | |
| 2 | 0333236 | 203332367 | 第二样本阅览室/ [索取号:H161/132:1=2] | 在馆 |